000 00628nam a2200241Ia 4500
003 OSt
005 20221007064358.0
006 a|||||r|||| 00| 0
007 ta
008 221006b |||||||| |||| 00| 0 eng d
024 _a5,239
037 _cTextual
040 _aFLL
_cFLL
_beng
041 _2eng
_aeng
082 _aZ3,9298, N4
100 _aWade Sir William Au.
_9685717
245 0 _aAdministrative law
250 _a7th
260 _aDelhi
_bClarendon press oxford India
_c1994
300 _a1039p
_ccm.
942 _hZ3,9298, N4
_cTEXL
_2CC
999 _c1133855
_d1133855